000 01180nam a22003737a 4500
001 BR0701089
003 BR-BrBNA
005 20240405110221.0
007 ta
008 230509b bl.||||| |||| 00| 0 por d
040 _aBR-BrBNA
_bpor
_cBiblioteca Nacional de Agricultura
041 _a(Por)
072 _aB50; L01; F01
_b1910
_b9410
090 _aB50
_bBR0701089
100 1 _aSantos, Carlos Alberto dos
100 1 _aCarvalho, Limirio de Almeida
100 1 _aCampos, Oriel Fajardo de
100 1 _aArcuri, Pedro Braga (eds.)
110 1 _aEMBRAPA Gado de Corte, Juiz de Fora, MG (Brasil)
_93626
245 1 _aEMBRAPA Gado de Corte; 30 anos de pesquisa e conquistas para o Brasil
260 3 _aJuiz de Fora, MG (Brasil):
_c2006.
300 _a262 p.
500 _aSummaries (Eng, Por); Several bibliography; 105 illus.; 5 tables
650 _aEMPRESA AGRÍCOLA
650 _aPECUÁRIA
650 _aAGRICULTURA
650 _aHISTÓRIA
650 _aMELHORAMENTO GENÉTICO VEGETAL
650 _aMELHORAMENTO GENÉTICO ANIMAL
650 _aECOLOGIA ANIMAL
650 _aPRODUÇÃO LEITEIRA
650 _aTRANSFERÊNCIA DE TECNOLOGIA
942 _cBK
_2AGRIS
999 _c70337
_d70337